| 000 | 00633nam a22002177a 4500 | ||
|---|---|---|---|
| 005 | 20180713140050.0 | ||
| 008 | 180713b xxu||||| |||| 00| 0 eng d | ||
| 020 |
_a9788170462927 _cRs.150.00 |
||
| 040 | _aLoreto College | ||
| 041 | _aEnglish | ||
| 082 |
_a891.443 _bDEV |
||
| 100 | _aDevi,Mahasweta | ||
| 245 |
_aWrong number and other stories _cMahasweta Devi;translated by Subhransu Maitra |
||
| 260 |
_aCalcutta _bSeagull Books _c2014 |
||
| 300 |
_a76p _b20cm |
||
| 650 | _aLiterature in Indian languages | ||
| 650 | _aFiction translated from Bengali | ||
| 700 |
_4tr. _aMaitra,Subhransu |
||
| 850 | _aLCLIB | ||
| 942 | _cBK | ||
| 999 |
_c41679 _d92158 |
||